Analýza problému Kúpy/prenájmu nehnutelností vo vybraných krajinách V4 diplomová práca

Salvato in:
Dettagli Bibliografici
Autore principale: Dulovičová, Martina
Ente Autore: Podnikovohospodárska fakulta EU so sídlom v Košiciach. Katedra finančného riadenia podniku
Altri autori: Tkáč, Michal, 1958-
Natura: Libro
Lingua:slovacco
Pubblicazione: Košice 2021
Tags: Aggiungi Tag
Nessun Tag, puoi essere il primo ad aggiungerne!!

MARC

LEADER 00000nbm a2200000 4500
001 0274116
005 20220331140817.5
041 0 |a slo 
044 |a SK 
245 1 0 |a Analýza problému Kúpy/prenájmu nehnutelností vo vybraných krajinách V4  |b diplomová práca  |c Martina Dulovičová ; školiteľ: Michal Tkáč 
264 1 |a Košice  |c 2021 
300 |a 73 s. 
100 1 |a Dulovičová, Martina 
700 1 |a Tkáč, Michal, 1958- 
710 2 |a Podnikovohospodárska fakulta EU so sídlom v Košiciach. Katedra finančného riadenia podniku